Estadísticas para Nombres más antiguos de España

Haz click aquí para intentar la prueba.

Estadísticas generales

  • Esta prueba ha sido intentada 8 veces
  • La puntuación promedio es 4 de 15

Estadísticas de respuestas

EdadRespuesta% Correcto
3183.8Afrodisia
57%
2178.4Auxilio
57%
4280.8Fraternidad
43%
2579.4Ermerinda
29%
2080.2Sancho Abarca
29%
3081.4Segismunda
29%
2280.1Serviliana
29%
8879.5Teodula
29%
3878.2Virtuosa
29%
2279.2Capitulina
14%
7179.6Dativa
14%
17679.2Eustasia
14%
2179.6Exiquia
14%
4378.4Frumencio
14%
2880.8Parmenia
14%

Distribución de puntuación

Porcentaje por número respondido

Porcentaje de gente con cada puntuación

Historial de tus puntuaciones

No has intentado esta prueba.